Diseño de la cámara de secado de una máquina deshidratadora por atomización de leche para bajos volúmenes de proceso
Gardado en:
| Autor Principal: | |
|---|---|
| Outros autores: | , |
| Formato: | Libro |
| Idioma: | Spanish |
| Publicado: |
[San José , Costa Rica]
2018
|
| Materias: | |
| Etiquetas: |
Engadir etiqueta
Sen Etiquetas, Sexa o primeiro en etiquetar este rexistro!
|
MARC
| LEADER | 00000nam a22000007a 4500 | ||
|---|---|---|---|
| 003 | 012900 | ||
| 005 | 20230703145436.0 | ||
| 008 | 180810b2018 cr a|||| |m|| 00| ||spa d | ||
| 040 | |c cru CEDI | ||
| 100 | |9 873 |a Arce Arrieta, Mario Alberto, 1986- | ||
| 245 | |a Diseño de la cámara de secado de una máquina deshidratadora por atomización de leche para bajos volúmenes de proceso | ||
| 260 | |a [San José , Costa Rica] |c 2018 | ||
| 300 | |a xvii, 133 hojas :ilustraciones a color | ||
| 500 | |a Proyecto de graduación (licenciatura en ingeniería mecánica)--Universidad de Costa Rica. Facultad de Ingeniería. Escuela de Ingeniería Mecánica | ||
| 501 | |a Director de Proyecto de Graduación: Msc. Ing. Raziel Farid Sanabria Sandí | ||
| 650 | |x DESHIDRATACION DE ALIMENTOS |x INDUSTRIA LECHERA |x DESHIDRATADORAS DE ALIMENTOS |x LECHE |9 13330 | ||
| 700 | |9 874 |a Navarro Monge, Olman Alfonso, 1980- | ||
| 700 | |9 875 |a Sanabria Sandí, Raziel Farid, 1979- |d Director del TFG | ||
| 942 | |c CEDI |h TFG 8051 |6 TFG_8051_000000000000000 | ||
| 999 | |c 20508 |d 20508 | ||
